[Event "SCO-ch 122nd"]
[White "Opasiak, Dustin Tennessee"]
[Black "Oswald, David C"]
[Site "Edinburgh"]
[Round "1"]
[Result "0-1"]
[Date "2015.07.11"]
[WhiteElo "1791"]
[BlackElo "2083"]
[PlyCount "76"]
[EventDate "2015.07.11"]
[EventType "swiss"]
[EventRounds "9"]
[EventCountry "SCO"]
[SourceTitle "CBM 167 Extra"]
[Source "ChessBase"]
[SourceDate "2015.09.14"]
[SourceVersion "1"]
[SourceVersionDate "2015.09.14"]
[SourceQuality "1"]

1. e4 c5 2. Nf3 d6 3. Bb5+ Nd7 4. 0-0 a6 5. Bd3 g6 6. c3 Bg7 7. Bc2 e6 8. d4 cxd4 9. cxd4 Ne7 10. Qe2 0-0 11. Nc3 b5 12. a3 Bb7 13. Bg5 h6 14. Bf4 Nb6 15. Bb3 Rc8 16. h3 Nc6 17. Rfd1 Na5 18. Ba2 Nac4 19. Rd3 Qe7 20. Rad1 Rfd8 21. Bc1 Rd7 22. b3 Na5 23. Qe1 Nc6 24. e5 dxe5 25. Nxe5 Nxe5 26. dxe5 Rxd3 27. Rxd3 Qc7 28. f4 Qc6 29. Qg3 b4 30. Ne2 Nd5 31. Kh2 a5 32. Bb1 Ba6 33. axb4 axb4 34. f5 Bxd3 35. Bxd3 exf5 36. Bc4 Nb6 37. Nd4 Qc7 38. Nxf5 Bxe5 0-1

[Event "Ayr Shire & Arran Congress"]
[White "Berry, Neil"]
[Black "Oswald, David C"]
[Site "Ayr"]
[Round "4"]
[Result "0-1"]
[Date "2014.05.25"]
[WhiteElo "2242"]
[BlackElo "2148"]
[PlyCount "82"]
[EventDate "2014.05.??"]
[EventType "swiss"]
[EventRounds "5"]
[EventCountry "SCO"]
[SourceTitle "EXT 2023"]
[Source "ChessBase"]
[SourceDate "2022.10.05"]
[SourceVersion "1"]
[SourceVersionDate "2022.10.05"]
[SourceQuality "1"]

1. d4 Nc6 2. d5 Ne5 3. e4 e6 4. dxe6 fxe6 5. Nc3 b6 6. Nf3 Ng6 7. h4 Bb7 8. h5 N6e7 9. Bg5 Qc8 10. Qd2 h6 11. Bh4 Nc6 12. 0-0-0 Be7 13. Bd3 Nb4 14. e5 Bxh4 15. Bg6+ Kd8 16. Rxh4 Nd5 17. Nxd5 Bxd5 18. c4 Bxf3 19. gxf3 c5 20. Bf7 Qc6 21. Bg6 Qc7 22. Be4 Rb8 23. Rg4 Ne7 24. Rxg7 b5 25. Qf4 Re8 26. Rxe7 Rxe7 27. Bg6 Kc8 28. Qf8+ Qd8 29. Qxh6 bxc4 30. Qd2 Rg7 31. f4 Qc7 32. Be4 Rg8 33. h6 Rh8 34. h7 c3 35. bxc3 Rb6 36. Rg1 Qd8 37. Qe3 Qf8 38. Qg3 Kc7 39. Qg7 Qxf4+ 40. Kd1 Qxe4 41. Qxh8 Qd3+ 0-1

[Event "Purticciu op 1st"]
[White "Burmakin, Vladimir"]
[Black "Oswald, David C"]
[Site "Grosseto Prugna"]
[Round "3"]
[Result "1-0"]
[Date "2014.05.07"]
[WhiteElo "2578"]
[BlackElo "2108"]
[PlyCount "91"]
[EventDate "2014.05.06"]
[EventType "swiss"]
[EventRounds "7"]
[EventCountry "FRA"]
[SourceTitle "CBM 160 Extra"]
[Source "ChessBase"]
[SourceDate "2014.07.01"]
[SourceVersion "1"]
[SourceVersionDate "2014.07.01"]
[SourceQuality "1"]

1. d4 Nf6 2. c3 d5 3. Bf4 c5 4. e3 Nc6 5. Nd2 Bf5 6. Qb3 Qd7 7. Ngf3 c4 8. Qd1 h6 9. Ne5 Nxe5 10. dxe5 Ne4 11. Nxe4 Bxe4 12. f3 Bg6 13. e4 e6 14. exd5 exd5 15. Be3 Be7 16. Be2 Qc6 17. Qd2 0-0 18. Rd1 Rfd8 19. 0-0 Bc5 20. Bd4 Bxd4+ 21. Qxd4 Rac8 22. Rd2 a5 23. Qf2 b5 24. Rfd1 b4 25. Bf1 Rb8 26. Rd4 bxc3 27. bxc3 Qb6 28. Bxc4 dxc4 29. Rxd8+ Rxd8 30. Qxb6 Rxd1+ 31. Kf2 Rd2+ 32. Ke3 Rxa2 33. Qb5 Rxg2 34. h4 Rc2 35. Qxa5 Bf5 36. Kf4 Bd3 37. h5 Rh2 38. Qd8+ Kh7 39. Qe7 Rxh5 40. Qxf7 Rh4+ 41. Kg3 Rh1 42. f4 Re1 43. Qd5 Re3+ 44. Kg4 g6 45. Qb7+ Kh8 46. Qa8+ 1-0

[Event "BCF-chT2a 1314 (4NCL)"]
[White "Goodger, Martyn"]
[Black "Oswald, David C"]
[Site "England"]
[Round "4.44"]
[Result "0-1"]
[Date "2014.01.12"]
[WhiteElo "2114"]
[BlackElo "2098"]
[PlyCount "82"]
[EventDate "2013.11.16"]
[EventType "team-swiss"]
[EventRounds "11"]
[EventCountry "ENG"]
[SourceTitle "EXT 2015"]
[Source "ChessBase"]
[SourceDate "2014.11.20"]
[SourceVersion "1"]
[SourceVersionDate "2014.11.20"]
[SourceQuality "1"]
[WhiteTeam "Poisoned Pawns"]
[BlackTeam "KJCA Kings"]
[WhiteTeamCountry "ENG"]
[BlackTeamCountry "ENG"]

1. e4 c5 2. c3 Nf6 3. e5 Nd5 4. Bc4 Nb6 5. Bb3 Nc6 6. Nf3 d5 7. exd6 e6 8. d4 cxd4 9. cxd4 Bxd6 10. 0-0 0-0 11. Nc3 Bd7 12. a3 Rc8 13. Qd3 Be7 14. Re1 Re8 15. Bc2 g6 16. Bb3 Na5 17. Ba2 Nac4 18. Ne5 Nxe5 19. dxe5 Bc6 20. Qh3 Qc7 21. Bh6 Rcd8 22. Rac1 Qb8 23. Bxe6 fxe6 24. Qxe6+ Kh8 25. Qf7 Bf8 26. Bg5 Bg7 27. Bf6 Rg8 28. Bxd8 Qxd8 29. e6 Qg5 30. g3 Rf8 31. Qc7 Bd4 32. e7 Bxf2+ 33. Kf1 Rc8 34. Qe5+ Qxe5 35. Rxe5 Bd4 36. Re2 Re8 37. Rd1 Bf6 38. Rde1 Bxc3 39. bxc3 Bb5 40. Kf2 Bxe2 41. Rxe2 Kg7 0-1

[Event "Oban op"]
[White "Jelfs, Alan"]
[Black "Oswald, David C"]
[Site "Oban"]
[Round "2"]
[Result "0-1"]
[Date "2013.11.16"]
[WhiteElo "1922"]
[BlackElo "2148"]
[PlyCount "106"]
[EventDate "2013.11.15"]
[EventType "swiss"]
[EventRounds "5"]
[EventCountry "SCO"]
[SourceTitle "EXT 2023"]
[Source "ChessBase"]
[SourceDate "2022.10.05"]
[SourceVersion "1"]
[SourceVersionDate "2022.10.05"]
[SourceQuality "1"]

1. d4 d5 2. c4 e6 3. Nc3 c6 4. e4 dxe4 5. f3 exf3 6. Nxf3 Nf6 7. Bd3 Be7 8. Bg5 h6 9. Bh4 0-0 10. Qe2 c5 11. 0-0-0 Nc6 12. dxc5 Qa5 13. g4 Qxc5 14. g5 hxg5 15. Bxg5 Ng4 16. Bxe7 Nxe7 17. Rhg1 Qe3+ 18. Qxe3 Nxe3 19. Rde1 N3f5 20. Rg2 Bd7 21. Ne5 Bc6 22. Nxc6 bxc6 23. Reg1 Rfd8 24. Be4 Rd4 25. Rg4 Rad8 26. h4 Kf8 27. b3 Rd2 28. h5 Rh2 29. Rg5 f6 30. R5g2 Rxh5 31. b4 Kf7 32. b5 cxb5 33. c5 Rc8 34. c6 g5 35. Rd2 Rh4 36. Rd7 b4 37. Bxf5 bxc3 38. Bxe6+ Kxe6 39. Re1+ Kf5 40. Rdxe7 Rxc6 41. Rxa7 c2 42. Rb7 Ra4 43. Rb2 g4 44. Re2 Rac4 45. Rb3 Kg5 46. Re8 Rd4 47. Rb5+ f5 48. Re1 g3 49. Rb3 Kg4 50. Rg1 f4 51. a3 Rd1+ 52. Rxd1 cxd1Q+ 53. Kxd1 g2 0-1

[Event "EU-Cup 29th"]
[White "Oswald, David C"]
[Black "De Filomeno, Simone"]
[Site "Rhodes"]
[Round "7.4"]
[Result "0-1"]
[Date "2013.10.26"]
[WhiteElo "2073"]
[BlackElo "2422"]
[PlyCount "48"]
[EventDate "2013.10.20"]
[EventType "team-swiss"]
[EventRounds "7"]
[EventCountry "GRE"]
[SourceTitle "CBM 157"]
[Source "ChessBase"]
[SourceDate "2013.11.12"]
[SourceVersion "1"]
[SourceVersionDate "2013.11.12"]
[SourceQuality "1"]
[WhiteTeam "Edinburgh"]
[BlackTeam "Bologna"]
[WhiteTeamCountry "SCO"]
[BlackTeamCountry "ITA"]

1. e4 c5 2. d4 cxd4 3. c3 dxc3 4. Nxc3 Nc6 5. Nf3 e6 6. Bc4 a6 7. 0-0 b5 8. Bb3 d6 9. Qe2 Nge7 10. Bg5 h6 11. Bh4 b4 12. Nd5 exd5 13. Bxd5 g5 14. Nxg5 hxg5 15. Bxg5 Qd7 16. Rac1 Bb7 17. Rfd1 Bg7 18. f4 Nd4 19. Qe3 Bxd5 20. exd5 Ndf5 21. Qe1 f6 22. g4 fxg5 23. gxf5 0-0 24. fxg5 Rxf5 0-1

[Event "EU-Cup 29th"]
[White "O'Donoghue, Dennis J"]
[Black "Oswald, David C"]
[Site "Rhodes"]
[Round "6.4"]
[Result "0-1"]
[Date "2013.10.25"]
[WhiteElo "1981"]
[BlackElo "2073"]
[PlyCount "108"]
[EventDate "2013.10.20"]
[EventType "team-swiss"]
[EventRounds "7"]
[EventCountry "GRE"]
[SourceTitle "CBM 157"]
[Source "ChessBase"]
[SourceDate "2013.11.12"]
[SourceVersion "1"]
[SourceVersionDate "2013.11.12"]
[SourceQuality "1"]
[WhiteTeam "Adare"]
[BlackTeam "Edinburgh"]
[WhiteTeamCountry "IRL"]
[BlackTeamCountry "SCO"]

1. d4 Nf6 2. c4 c5 3. d5 b5 4. cxb5 a6 5. bxa6 g6 6. Nc3 Bxa6 7. Nf3 Bg7 8. g3 d6 9. Bg2 Nbd7 10. Rb1 0-0 11. 0-0 Qa5 12. Qc2 Nb6 13. Rd1 Nfd7 14. e4 Nc4 15. Na4 Bb5 16. Nc3 Ba6 17. Na4 Rfb8 18. b3 Bb5 19. Bf1 Nce5 20. Nxe5 Nxe5 21. Bxb5 Qxb5 22. Be3 Nf3+ 23. Kg2 Nd4 24. Bxd4 Bxd4 25. Rbc1 Qb7 26. f3 Bf6 27. Rd2 Qb4 28. Re2 Qa5 29. Nc3 Rb4 30. Nd1 Bd4 31. Nf2 Rb7 32. Ng4 h5 33. Nf2 Rba7 34. Qc4 Qb6 35. Rcc2 Ra3 36. Nd3 Qa7 37. h3 Qd7 38. Nc1 h4 39. g4 g5 40. Nd3 R8a5 41. f4 gxf4 42. e5 Kf8 43. Kf3 Qa7 44. exd6 exd6 45. Nxf4 Rxa2 46. Ng2 Ra1 47. Nxh4 Rf1+ 48. Kg2 Rg1+ 49. Kh2 Raa1 50. Nf3 Rh1+ 51. Kg2 Rag1+ 52. Nxg1 Rxg1+ 53. Kh2 Qa1 54. Red2 Rh1+ 0-1

[Event "EU-Cup 29th"]
[White "Oswald, David C"]
[Black "Barrett, Stephen J"]
[Site "Rhodes"]
[Round "5.4"]
[Result "0-1"]
[Date "2013.10.24"]
[WhiteElo "2073"]
[BlackElo "2216"]
[PlyCount "90"]
[EventDate "2013.10.20"]
[EventType "team-swiss"]
[EventRounds "7"]
[EventCountry "GRE"]
[SourceTitle "CBM 157"]
[Source "ChessBase"]
[SourceDate "2013.11.12"]
[SourceVersion "1"]
[SourceVersionDate "2013.11.12"]
[SourceQuality "1"]
[WhiteTeam "Edinburgh"]
[BlackTeam "White Rose"]
[WhiteTeamCountry "SCO"]
[BlackTeamCountry "ENG"]

1. e4 c5 2. d4 cxd4 3. c3 dxc3 4. Nxc3 Nc6 5. Nf3 e6 6. Bc4 a6 7. 0-0 b5 8. Bb3 d6 9. Qe2 Ra7 10. Be3 Rd7 11. Rfd1 Be7 12. Rac1 Bb7 13. Nd4 Nxd4 14. Bxd4 Nf6 15. f4 0-0 16. f5 e5 17. Bf2 d5 18. exd5 Nxd5 19. Nxd5 Bxd5 20. Bxd5 Rxd5 21. Rxd5 Qxd5 22. Rd1 Qxa2 23. Qxe5 Bf6 24. Qd6 Qxb2 25. Bc5 Re8 26. Qd7 Qe2 27. Bf2 Qe7 28. Qc6 Rd8 29. Re1 Qb4 30. Re8+ Rxe8 31. Qxe8+ Qf8 32. Qc6 Qd8 33. g3 h6 34. Qxa6 Qd1+ 35. Kg2 Qd5+ 36. Kg1 Qxf5 37. Qc6 Kh7 38. Qb7 Kg6 39. Kg2 Qd3 40. h3 Qc4 41. g4 Kh7 42. Qf3 Bc3 43. g5 hxg5 44. Qh5+ Kg8 45. Qxg5 Bf6 0-1

[Event "EU-Cup 29th"]
[White "Oswald, David C"]
[Black "Staub, Gerhard"]
[Site "Rhodes"]
[Round "4.4"]
[Result "1-0"]
[Date "2013.10.23"]
[WhiteElo "2073"]
[BlackElo "2062"]
[PlyCount "67"]
[EventDate "2013.10.20"]
[EventType "team-swiss"]
[EventRounds "7"]
[EventCountry "GRE"]
[SourceTitle "CBM 157"]
[Source "ChessBase"]
[SourceDate "2013.11.12"]
[SourceVersion "1"]
[SourceVersionDate "2013.11.12"]
[SourceQuality "1"]
[WhiteTeam "Edinburgh"]
[BlackTeam "Eppingen"]
[WhiteTeamCountry "SCO"]
[BlackTeamCountry "GER"]

1. e4 Nf6 2. e5 Nd5 3. d4 d6 4. c4 Nb6 5. f4 dxe5 6. fxe5 c5 7. d5 e6 8. Nc3 exd5 9. cxd5 c4 10. Nf3 Bb4 11. Bxc4 Bxc3+ 12. bxc3 Nxc4 13. Qa4+ Nd7 14. Qxc4 Nb6 15. Qb5+ Qd7 16. Qxd7+ Bxd7 17. d6 Rc8 18. Bd2 Nc4 19. Rc1 Bg4 20. Bf4 Bxf3 21. gxf3 Rc5 22. Kf2 Nxe5 23. Bxe5 Rxe5 24. Rhe1 Re6 25. c4 Kd7 26. Rxe6 fxe6 27. c5 Rc8 28. Rb1 Rb8 29. Ke3 Kc6 30. Kd4 b6 31. Ke5 b5 32. Kxe6 a5 33. Rd1 b4 34. Ke7 1-0

[Event "EU-Cup 29th"]
[White "Zimmermann, Luc"]
[Black "Oswald, David C"]
[Site "Rhodes"]
[Round "2.4"]
[Result "0-1"]
[Date "2013.10.21"]
[WhiteElo "2102"]
[BlackElo "2073"]
[PlyCount "104"]
[EventDate "2013.10.20"]
[EventType "team-swiss"]
[EventRounds "7"]
[EventCountry "GRE"]
[SourceTitle "CBM 157"]
[Source "ChessBase"]
[SourceDate "2013.11.12"]
[SourceVersion "1"]
[SourceVersionDate "2013.11.12"]
[SourceQuality "1"]
[WhiteTeam "Voerendaal"]
[BlackTeam "Edinburgh"]
[WhiteTeamCountry "NED"]
[BlackTeamCountry "SCO"]

1. e4 c5 2. c3 Nf6 3. e5 Nd5 4. d4 cxd4 5. Nf3 Nc6 6. Bc4 Nb6 7. Bb3 d5 8. exd6 Qxd6 9. 0-0 Be6 10. Na3 dxc3 11. Bxe6 Qxd1 12. Rxd1 fxe6 13. bxc3 h6 14. Rb1 Kf7 15. c4 g6 16. c5 Nd5 17. Rxb7 Bg7 18. Bb2 Rhb8 19. Rxb8 Rxb8 20. Bxg7 Kxg7 21. Rb1 Rb4 22. Ne1 Kf6 23. Rc1 Ra4 24. Nec2 Ra5 25. Kf1 Rxc5 26. Rb1 Nc3 27. Rb2 e5 28. Ke1 Nd4 29. Kd2 Ne4+ 30. Ke3 Nd6 31. Nxd4 Rc3+ 32. Ke2 exd4 33. Nb1 Rc6 34. Nd2 e5 35. f3 Ke6 36. a4 Rc3 37. Nb3 Kd5 38. Nd2 Ra3 39. Rb4 a5 40. Rb8 Rxa4 41. Rg8 Ra2 42. Kd3 a4 43. Rxg6 a3 44. Rg8 Rb2 45. Ra8 a2 46. g4 Nb7 47. Ke2 Nc5 48. Kd1 Rxd2+ 49. Kxd2 Nb3+ 50. Kc2 a1Q 51. Rxa1 Nxa1+ 52. Kb2 e4 0-1

[Event "Dundee & Angus op"]
[White "Dawson, Alastair G"]
[Black "Oswald, David C"]
[Site "Dundee"]
[Round "3"]
[Result "0-1"]
[Date "2013.10.12"]
[WhiteElo "1784"]
[BlackElo "2148"]
[PlyCount "112"]
[EventDate "2013.10.11"]
[EventType "swiss"]
[EventRounds "5"]
[EventCountry "SCO"]
[SourceTitle "EXT 2017"]
[Source "ChessBase"]
[SourceDate "2016.10.25"]
[SourceVersion "1"]
[SourceVersionDate "2016.10.25"]
[SourceQuality "1"]

1. e4 c5 2. Nf3 d6 3. d4 cxd4 4. Nxd4 Nf6 5. Nc3 g6 6. Be2 Bg7 7. Be3 0-0 8. 0-0 Nc6 9. h3 Bd7 10. f4 a6 11. Qd2 Rc8 12. Nxc6 Bxc6 13. Bf3 Qc7 14. Qf2 b5 15. Bb6 Qb7 16. Bd4 b4 17. Nd5 Bxd5 18. exd5 Rc4 19. c3 Nd7 20. Bxg7 Kxg7 21. Qe2 Nb6 22. cxb4 Rxb4 23. Be4 Na4 24. b3 Nc5 25. Bd3 Nxd3 26. Qxd3 Qa7+ 27. Kh2 Rd4 28. Qc2 Qc5 29. Qxc5 dxc5 30. Rad1 Rd8 31. Rxd4 cxd4 32. Kg3 Rxd5 33. Kf3 f5 34. Ke2 Kf6 35. Kd3 e5 36. Kc4 Rd7 37. fxe5+ Kxe5 38. Kd3 Rc7 39. Re1+ Kd5 40. Re8 Rc3+ 41. Kd2 Rg3 42. Re2 g5 43. Rf2 f4 44. Kc2 Ke4 45. Re2+ Re3 46. Rd2 h5 47. b4 g4 48. h4 f3 49. gxf3+ gxf3 50. a4 Rc3+ 51. Kb2 Ke3 52. Rd1 Rc8 53. Kb3 d3 54. b5 axb5 55. axb5 Ke2 56. Rb1 d2 0-1

[Event "SCO-ch 120th"]
[White "Roy, Ali"]
[Black "Oswald, David C"]
[Site "Helensburgh"]
[Round "8.2"]
[Result "0-1"]
[Date "2013.07.13"]
[WhiteElo "1882"]
[BlackElo "2055"]
[PlyCount "108"]
[EventDate "2013.07.06"]
[EventType "swiss"]
[EventRounds "9"]
[EventCountry "SCO"]
[SourceTitle "EXT 2023"]
[Source "ChessBase"]
[SourceDate "2022.10.05"]
[SourceVersion "1"]
[SourceVersionDate "2022.10.05"]
[SourceQuality "1"]

1. e4 c5 2. Nf3 g6 3. c3 Bg7 4. Bd3 d5 5. 0-0 dxe4 6. Bxe4 Nf6 7. Bc2 0-0 8. d4 cxd4 9. Nxd4 Bg4 10. f3 Bd7 11. Nd2 Nc6 12. N2b3 Nxd4 13. Nxd4 e5 14. Nb3 Qb6+ 15. Rf2 Bc6 16. Qe1 Nd5 17. Bd2 Rfe8 18. c4 Nf4 19. Rd1 Qc7 20. Be4 Bxe4 21. Qxe4 Rad8 22. Nc1 Rd4 23. Qb1 Qxc4 24. Nb3 Rdd8 25. Be3 Ne2+ 26. Kh1 Nd4 27. Rfd2 b6 28. Qd3 Qxd3 29. Rxd3 Ne6 30. Kg1 Rxd3 31. Rxd3 Rd8 32. Rxd8+ Nxd8 33. Kf2 Kf8 34. Bd2 Ke8 35. Bc3 Ne6 36. Nd2 Kd7 37. Nc4 f6 38. g4 Bf8 39. Nd2 Bc5+ 40. Kg3 Nf4 41. Ne4 Ne2+ 42. Kg2 Nxc3 43. Nxc3 Kc6 44. h4 f5 45. h5 Bd4 46. gxf5 gxf5 47. Ne2 Bxb2 48. f4 Kd6 49. fxe5+ Bxe5 50. Kf3 Ke6 51. Nc1 Kf6 52. Nd3 Bd6 53. Nb2 Kg5 54. Nc4 Bc5 0-1

[Event "SCO-ch 120th"]
[White "Oswald, David C"]
[Black "Hebden, Mark"]
[Site "Helensburgh"]
[Round "5"]
[Result "0-1"]
[Date "2013.07.10"]
[WhiteElo "2055"]
[BlackElo "2555"]
[PlyCount "66"]
[EventDate "2013.07.06"]
[EventType "swiss"]
[EventRounds "9"]
[EventCountry "SCO"]
[SourceTitle "EXT 2014"]
[Source "ChessBase"]
[SourceDate "2013.11.20"]
[SourceVersion "1"]
[SourceVersionDate "2013.11.20"]
[SourceQuality "1"]

1. d4 Nf6 2. c4 g6 3. Nc3 Bg7 4. e4 d6 5. Nf3 0-0 6. Be2 e5 7. 0-0 Nc6 8. d5 Ne7 9. Bd2 Kh8 10. Ne1 Neg8 11. Nd3 Ne8 12. f3 f5 13. Be1 c5 14. Rb1 Ngf6 15. b4 cxb4 16. Rxb4 b6 17. a4 Nc7 18. Rb2 Na6 19. a5 Nc5 20. axb6 axb6 21. Nf2 Nh5 22. Qb1 Ra6 23. Nd3 Nf4 24. Nb4 Ra3 25. g3 Nxe2+ 26. Rxe2 fxe4 27. fxe4 Rxf1+ 28. Kxf1 Bh3+ 29. Kg1 Rb3 30. Qa1 Rxb4 31. Ra2 Bf8 32. Ra8 Qf6 33. Bd2 Qf3 0-1

[Event "SCO-ch 120th"]
[White "Gretarsson, Hjorvar Steinn"]
[Black "Oswald, David C"]
[Site "Helensburgh"]
[Round "4"]
[Result "1-0"]
[Date "2013.07.09"]
[WhiteElo "2511"]
[BlackElo "2055"]
[PlyCount "57"]
[EventDate "2013.07.06"]
[EventType "swiss"]
[EventRounds "9"]
[EventCountry "SCO"]
[SourceTitle "EXT 2014"]
[Source "ChessBase"]
[SourceDate "2013.11.20"]
[SourceVersion "1"]
[SourceVersionDate "2013.11.20"]
[SourceQuality "1"]

1. d4 Nf6 2. c4 c5 3. d5 b5 4. cxb5 a6 5. bxa6 g6 6. Nc3 Bxa6 7. e4 Bxf1 8. Kxf1 d6 9. Nf3 Bg7 10. g3 0-0 11. Kg2 Nbd7 12. a4 Ra6 13. Qc2 Qa8 14. Rd1 Qb7 15. Rb1 e6 16. Bf4 exd5 17. exd5 Nh5 18. Be3 Re8 19. b4 cxb4 20. Nb5 Rc8 21. Qe2 Nhf6 22. Rxb4 Nxd5 23. Nxd6 Nxe3+ 24. Qxe3 Qxb4 25. Nxc8 Qxa4 26. Qe8+ Nf8 27. Ne7+ Kh8 28. Qxf7 Qa2 29. Rd5 1-0

[Event "Oban op"]
[White "Robertson, Ian C"]
[Black "Oswald, David C"]
[Site "Oban"]
[Round "3"]
[Result "1/2-1/2"]
[Date "2012.11.17"]
[WhiteElo "2102"]
[BlackElo "2048"]
[PlyCount "32"]
[EventDate "2012.11.16"]
[EventType "swiss"]
[EventRounds "5"]
[EventCountry "SCO"]
[SourceTitle "EXT 2023"]
[Source "ChessBase"]
[SourceDate "2022.10.05"]
[SourceVersion "1"]
[SourceVersionDate "2022.10.05"]
[SourceQuality "1"]

1. e4 c5 2. Nf3 d6 3. Bb5+ Nd7 4. 0-0 Ngf6 5. Re1 g6 6. c3 Bg7 7. d4 cxd4 8. cxd4 d5 9. e5 Ne4 10. Qb3 e6 11. Bd3 f5 12. exf6 Ndxf6 13. Nc3 Nxc3 14. bxc3 0-0 15. Ba3 Re8 16. Rab1 b6 1/2-1/2

[Event "EU-Cup 27th"]
[White "Pleshkov, Mikhail"]
[Black "Oswald, David C"]
[Site "Rogaska Slatina"]
[Round "7"]
[Result "1-0"]
[Date "2011.10.01"]
[WhiteElo "2017"]
[BlackElo "2027"]
[PlyCount "135"]
[EventDate "2011.09.25"]
[EventType "team-swiss"]
[EventRounds "7"]
[EventCountry "SLO"]
[SourceTitle "CBM 145"]
[Source "ChessBase"]
[SourceDate "2011.11.11"]
[SourceVersion "1"]
[SourceVersionDate "2011.11.11"]
[SourceQuality "1"]
[WhiteTeam "Perfect"]
[BlackTeam "Edinburgh"]
[WhiteTeamCountry "RUS"]
[BlackTeamCountry "SCO"]

1. d4 e6 2. Nf3 f5 3. g3 Nf6 4. Bg2 g6 5. c4 Bg7 6. Nc3 0-0 7. 0-0 d6 8. Qc2 Qe7 9. e4 e5 10. dxe5 dxe5 11. Bg5 Nc6 12. Rfe1 Qf7 13. exf5 Bxf5 14. Qa4 Rae8 15. Bxf6 Bxf6 16. Nd5 Bg4 17. Nd2 Bg7 18. Ne4 Nd4 19. Ne3 Bf3 20. Ng5 Qf6 21. Nxf3 Nxf3+ 22. Bxf3 Qxf3 23. Qc2 Rf7 24. Qe2 Qc6 25. Rad1 Ref8 26. Rf1 Qe6 27. Qg4 Qb6 28. b3 c6 29. Rd3 Qc7 30. Nd1 Qb6 31. Qe2 Re7 32. Qe4 Rd8 33. Qh4 Red7 34. Rxd7 Rxd7 35. Nc3 Qd4 36. Ne4 Rf7 37. Qg4 Qd7 38. Qe2 Qc7 39. Rd1 Rd7 40. Nc5 Rxd1+ 41. Qxd1 Qe7 42. Ne4 Bf8 43. Qg4 Bh6 44. Qc8+ Kg7 45. h4 Bc1 46. Kg2 h6 47. h5 gxh5 48. Qf5 Bg5 49. c5 b6 50. Qc8 bxc5 51. Qxc6 h4 52. Qxc5 Qxc5 53. Nxc5 Be7 54. Ne4 hxg3 55. fxg3 Kg6 56. g4 Kf7 57. Kf3 Ke6 58. Nc3 Bc5 59. Ke4 Bg1 60. Nd5 Bd4 61. b4 Bb2 62. a4 Kd6 63. Ne3 Ke6 64. b5 Kf6 65. a5 Bd4 66. Nf5 Bc3 67. b6 axb6 68. a6 1-0

[Event "EU-Cup 27th"]
[White "Norinkeviciute, Rasa"]
[Black "Oswald, David C"]
[Site "Rogaska Slatina"]
[Round "6"]
[Result "1-0"]
[Date "2011.09.30"]
[WhiteElo "1993"]
[BlackElo "2027"]
[PlyCount "179"]
[EventDate "2011.09.25"]
[EventType "team-swiss"]
[EventRounds "7"]
[EventCountry "SLO"]
[SourceTitle "CBM 145"]
[Source "ChessBase"]
[SourceDate "2011.11.11"]
[SourceVersion "1"]
[SourceVersionDate "2011.11.11"]
[SourceQuality "1"]
[WhiteTeam "e2e4.org.uk"]
[BlackTeam "Edinburgh"]
[WhiteTeamCountry "ENG"]
[BlackTeamCountry "SCO"]

1. c4 e5 2. g3 Nc6 3. Bg2 g6 4. Nc3 Bg7 5. e4 d6 6. d3 Nge7 7. Nge2 0-0 8. 0-0 f5 9. Nd5 h6 10. Nxe7+ Qxe7 11. exf5 Bxf5 12. Be3 Kh7 13. d4 Bg4 14. dxe5 Nxe5 15. h3 Bf3 16. Qc2 Qf7 17. Rac1 Bxg2 18. Kxg2 Qf3+ 19. Kh2 Rae8 20. Nf4 Qc6 21. Nd5 Nf3+ 22. Kg2 Re5 23. Rfd1 Qd7 24. b3 Ref5 25. Nf4 Ne5 26. Qe4 Qf7 27. Rd2 Kh8 28. Qd5 Qf6 29. Qxb7 g5 30. Nh5 Qf7 31. Nxg7 Kxg7 32. Qd5 Qg6 33. Bd4 Kh7 34. Bxe5 dxe5 35. Re1 Qf6 36. Qc5 e4 37. Qe3 Kg8 38. Ree2 Re8 39. Rc2 Rf3 40. Qc1 e3 41. Rxe3 Rfxe3 42. fxe3 Qc6+ 43. Kh2 Qf3 44. Qh1 Qxe3 45. Qg2 Qe1 46. Qd5+ Kh8 47. Qd4+ Kg8 48. Qf2 Qe4 49. Rd2 Rf8 50. Qe2 Qf5 51. Kg2 Qf6 52. Qd3 c6 53. c5 h5 54. Qc4+ Rf7 55. Qe2 Qf5 56. Rd8+ Rf8 57. Rxf8+ Qxf8 58. Qe6+ Kg7 59. Qxc6 Qf5 60. Qb7+ Kg8 61. Qa8+ Kg7 62. Qxa7+ Kg8 63. Qb8+ Kg7 64. Qc7+ Kf8 65. Qd8+ Kg7 66. Qe7+ Kh8 67. Qe3 Qc2+ 68. Qf2 Qc3 69. Qe2 Kg7 70. Qe7+ Kg6 71. Qe4+ Kg7 72. c6 Qd2+ 73. Kf1 Qd1+ 74. Kf2 Qd2+ 75. Kf3 Qc3+ 76. Ke2 Qxg3 77. Qe7+ Kh6 78. Qe6+ Kg7 79. Qd7+ Kh6 80. c7 Qg2+ 81. Kd3 Qf3+ 82. Kc4 Qe4+ 83. Kc3 Qe3+ 84. Kc4 Qe4+ 85. Kb5 Qb7+ 86. Kc5 Qa7+ 87. Kd5 Qa5+ 88. Ke6 Qe1+ 89. Kf7 Qf2+ 90. Kg8 1-0

[Event "EU-Cup 27th"]
[White "Oswald, David C"]
[Black "Sisatto, Olli"]
[Site "Rogaska Slatina"]
[Round "3"]
[Result "0-1"]
[Date "2011.09.27"]
[WhiteElo "2027"]
[BlackElo "2236"]
[PlyCount "42"]
[EventDate "2011.09.25"]
[EventType "team-swiss"]
[EventRounds "7"]
[EventCountry "SLO"]
[SourceTitle "CBM 145"]
[Source "ChessBase"]
[SourceDate "2011.11.11"]
[SourceVersion "1"]
[SourceVersionDate "2011.11.11"]
[SourceQuality "1"]
[WhiteTeam "Edinburgh"]
[BlackTeam "Tammer Shakki"]
[WhiteTeamCountry "SCO"]
[BlackTeamCountry "FIN"]

1. e4 e5 2. f4 d5 3. exd5 c6 4. Qe2 cxd5 5. fxe5 Nc6 6. c3 d4 7. Nf3 Bg4 8. Qe4 Bxf3 9. gxf3 Bc5 10. Bb5 Nge7 11. d3 0-0 12. c4 Nb4 13. Kd1 a6 14. Ba4 b5 15. Bb3 bxc4 16. Bxc4 Nbd5 17. Rg1 Ne3+ 18. Bxe3 dxe3 19. Ke2 Rb8 20. Bb3 Rb4 21. Bc4 Rxb2+ 0-1

[Event "East of Scotland-ch"]
[White "MacQueen, Calum"]
[Black "Oswald, David C"]
[Site "Scotland"]
[Round "3"]
[Result "1/2-1/2"]
[Date "2011.05.28"]
[WhiteElo "2072"]
[BlackElo "2010"]
[PlyCount "30"]
[EventDate "2011.05.27"]
[EventType "swiss"]
[EventRounds "5"]
[EventCountry "SCO"]
[SourceTitle "EXT 2023"]
[Source "ChessBase"]
[SourceDate "2022.10.05"]
[SourceVersion "1"]
[SourceVersionDate "2022.10.05"]
[SourceQuality "1"]

1. Nf3 d5 2. c4 c6 3. g3 Nf6 4. Bg2 g6 5. b3 Bg7 6. Bb2 0-0 7. 0-0 h6 8. d3 Bg4 9. Nbd2 Nbd7 10. h3 Bxf3 11. Nxf3 Qb6 12. Ne5 Nxe5 13. Bxe5 Rfd8 14. Qc2 Ne8 15. Bxg7 Nxg7 1/2-1/2

[Event "Edinburgh op"]
[White "Oswald, David C"]
[Black "Green, Andrew"]
[Site "Edinburgh"]
[Round "1"]
[Result "1/2-1/2"]
[Date "2011.04.01"]
[WhiteElo "2015"]
[BlackElo "2135"]
[PlyCount "37"]
[EventDate "2011.04.01"]
[EventType "swiss"]
[EventRounds "5"]
[EventCountry "SCO"]
[SourceTitle "EXT 2013"]
[Source "ChessBase"]
[SourceDate "2012.11.22"]
[SourceVersion "1"]
[SourceVersionDate "2012.11.22"]
[SourceQuality "1"]

1. e4 c5 2. Nf3 d6 3. d4 cxd4 4. Nxd4 Nf6 5. Nc3 g6 6. Be3 Bg7 7. f3 Nc6 8. Qd2 0-0 9. Bc4 Bd7 10. h4 h5 11. 0-0-0 Rc8 12. Bb3 Ne5 13. Bh6 Nc4 14. Bxc4 Rxc4 15. Bxg7 Kxg7 16. Kb1 Qa5 17. Nd5 Qxd2 18. Rxd2 Re8 19. Re1 1/2-1/2